01891cam a2200385 i 4500001001000000003001000010005001700020007000300037008004100040020001500081040005200096041000800148049000900156082002500165090001300190245011500203264013500318264001200453300002700465336002700492337003300519338002800552500002400580505056700604563001401171650002001185653003401205700003301239700003201272700002801304942000701332945001301339952013601352999001701488768714001CO-MdFUSB20210318172002.0ta011029t20012001enk 000 0 eng d a0901437964 aERLbengerdacCO-MdFUSBdCO-MdFUSBCdCO-MdFUSB aeng aPTSS 223a200.90941bR3827 aBL980.G700aReligions in the UK 2001-03c/ editado por Paul Weller ; revisado por Eileen Fry, Michele Wolfe , Paul Weller. 1aDerby :bMulti-Faith Centre at the University of Derby in association with the Inter Faith Network for the United Kingdom,c[2001] 4c© 2001 a694 páginas ;c23 cm atextobtxt2rdacontent asin mediaciónbn2rdamedia avolumenbnc2rdacarrier aPrevious ed., 1997. aPaisaje religioso del Reino Unido. -- Hacer contactos, organizar eventos y consultas. -- Visitando lugares y alojamiento de visitas. Actividad interreligiosa en el Reino Unido. -- La comunidad bahá´i. -- La comunidad Budista. -- La comunidad cristiana. -- La comunidad Hindú. -- La comunidad jainista. -- La comunidad judía. -- La comunidad musulmana. -- La comunidad sij. -- La comunidad zoroastriana. Algunas otras comunidades y grupos religiosos. -- Más información: alguna otra publicación y recursos relevantes. -- Agradecimientos. -- Índices aRústico 79385aReligión aReligión -- Gran Bretaña.1 aWeller, Paul,d1956-eeditor1 aFry, Eileen,d1947-eeditor1 aWolfe, Michele.eeditor cBK aJTF--925 00102ddc40708GENaFUSBCbFUSBCd2020-06-25l0oG 200.90941 R382rp10961r2020-06-25 00:00:00tEj.1w2020-06-25yBKk10IINV2023 c66290d66290